000 00795nam2a22002411 4500
001 RU\NLR\INFOCOMM\1000024943
005 20250616232557.0
035 _a(NLR Aleph) 002277438
090 _a4009867
_c4009867
100 _a20031223d2002 |||y0rusy50 ca
101 0 _arus
102 _aRU
105 _ay |||||||||
200 0 _a2002, №2
210 _d2002
_aБ. м.
461 0 _1001RU\NLR\INFOCOMM\1000024929
_12001#$aАдвокатские вести$eИнформ.-аналит. журн.$v2002, №2
_94009738
_cМ.
_d2001 - 2009
_nБ. и.
_oИнформ.-аналит. журн.
_tАдвокатские вести
_v2002, №2
801 1 _aRU
_bInfoComm
_c20031223
801 0 _aRU
_bNLR
_gPSBO
852 _aNLR
_jП23/5222
942 _cISSUE
980 _aNB
980 _aRUSPER